Multifunkčný ventil

Bibliographic Details
Corporate Author: Raval-Agriculture Cooperative Societes Ltd. (D.N. Halutza, Izrael) (Patent holder)
Other Authors: Moalem, Zohar (Originator), Livne, Yoav (Originator), Olchinski, Vladimir (Originator), Orenstein, Ehud (Originator)
Format: Book
Language:Slovak
PhysicalDescription:14 s. obr. 30 cm
Published: [Banská Bystrica] Úrad priemyselného vlastníctva SR [2008]
Subjects:

MARC

LEADER 00000cam a2200000 a 4500
001 vtls009835817
003 SK-MaSNL
005 20260302010525.0
008 251120s2008 xo a j f000 0 slo
013 |a 286481  |b is  |c patent  |d 20081106  |e dátum nadobudnutia účinkov patentu (Vestník ÚPV SR č.: 11/2008)  |d 20081020  |e dátum sprístupnenia patentu 
013 |a 1271-2001  |e číslo prihlášky  |d 20000203  |e dátum podania prihlášky  |d 20021106  |e dátum zverejnenia prihlášky (Vestník ÚPV SR č.: 11/2002) 
013 |a 128937  |e číslo prioritnej prihlášky  |d 19990311  |e dátum podania prioritnej prihlášky  |b IL  |e kód krajiny prioritnej prihlášky 
015 |a SNBN2015 
035 |a (SVKBBclas03)vtls000300806 
040 |a SNK  |b slo  |c SNK  |e AACR2 
041 0 |a slo 
044 |a xo  |c SK 
072 7 |a 621  |x Strojárstvo  |2 konspekt 
080 |a 621.43.03  |2 2001 
080 |a 621.642.34/.39  |2 2001 
080 |a 621.646.2  |2 2001 
080 |a 621.43  |2 2001 
084 |a F16K 24/00  |2 IPC 
084 |a F16K 17/36  |2 IPC 
245 0 0 |a Multifunkčný ventil  |c Ehud Orenstein ... [et al.] ; patent. zást. Eva Bušová 
260 |a [Banská Bystrica]  |b Úrad priemyselného vlastníctva SR  |c [2008] 
300 |a 14 s.  |b obr.  |c 30 cm 
650 0 7 |a palivová sústava  |2 SNKPH  |9 93852 
650 0 7 |a Fuel system  |2 SNKPHeng  |9 403416 
650 0 7 |a nádrže  |2 SNKPH  |9 51283 
650 0 7 |a Tanks  |2 SNKPHeng  |9 310068 
650 0 7 |a ventily  |2 SNKPH  |9 17689 
650 0 7 |a Valves  |2 SNKPHeng  |9 320491 
650 0 7 |a spaľovacie motory  |2 SNKPH  |9 67366 
650 0 7 |a Internal combustion engines  |2 SNKPHeng  |9 305121 
655 7 |a patenty  |2 SNKPH  |9 177343 
655 7 |a patent licenses  |2 SNKPHeng  |9 303430 
700 1 |a Moalem, Zohar  |4 org  |9 649584 
700 1 |a Livne, Yoav  |4 org  |9 649585 
700 1 |a Olchinski, Vladimir  |4 org  |9 649586 
700 1 |a Bušová, Eva  |4 oth  |9 297878 
700 1 |a Orenstein, Ehud  |4 org  |9 649587 
710 2 |a Raval-Agriculture Cooperative Societes Ltd. (D.N. Halutza, Izrael)  |4 pth  |9 649588 
999 |c 1003126  |d 1005056 
952 |a SNK  |b SNK  |y PREZ  |7 0  |p 17A1160612  |o snkSK 286481  |i snk2015/10230  |8 0  |0 0  |1 0  |4 0  |d 2015-06-29  |l 0  |r 2026-02-24 12:26:40  |w 2026-02-24